Where the River Runs : (Record no. 5192)

MARC details
000 -LEADER
fixed length control field 01028nam a22002897a 4500
001 - CONTROL NUMBER
control field 5192
003 - CONTROL NUMBER IDENTIFIER
control field FISKH
005 - DATE AND TIME OF LATEST TRANSACTION
control field 20241118153507.0
008 - FIXED-LENGTH DATA ELEMENTS--GENERAL INFORMATION
fixed length control field 241118b cb ||||| |||| 00| 0 eng d
020 ## - INTERNATIONAL STANDARD BOOK NUMBER
International Standard Book Number 9780590203623
040 ## - CATALOGING SOURCE
Original cataloging agency FISKH
Language of cataloging eng
Transcribing agency FISKH
Modifying agency FISKH
050 ## - LIBRARY OF CONGRESS CALL NUMBER
Classification number E184.K45
082 ## - DEWEY DECIMAL CLASSIFICATION NUMBER
Classification number 973.049593
100 ## - MAIN ENTRY--PERSONAL NAME
Personal name Graff, Nancy Price
245 ## - TITLE STATEMENT
Title Where the River Runs :
Remainder of title A Portrait of of Refugee Family /
Statement of responsibility, etc. by Nancy Price Graff : Photographs Richard Howard
260 ## - PUBLICATION, DISTRIBUTION, ETC.
Place of publication, distribution, etc. New York :
Name of publisher, distributor, etc. Scholastic ;
Date of publication, distribution, etc. 1993 .
300 ## - PHYSICAL DESCRIPTION
Extent 71 pages :
Other physical details color illustrations ;
Dimensions 26 cm .
505 ## - FORMATTED CONTENTS NOTE
Formatted contents note Z <br/>
520 ## - SUMMARY, ETC.
Summary, etc. Describes the experiences of a family of Cambodian refugees as they learn to adjust to a different way of life in the United States while holding on to their ethnic heritage.
521 8# - TARGET AUDIENCE NOTE
Target audience note 1340 <br/>
Source Lexile <br/>
521 8# - TARGET AUDIENCE NOTE
Target audience note Z <br/>
Source Raz-Plus <br/>
650 ## - SUBJECT ADDED ENTRY--TOPICAL TERM
Topical term or geographic name entry element immigrants
Form subdivision non-fiction
650 ## - SUBJECT ADDED ENTRY--TOPICAL TERM
Topical term or geographic name entry element informational
Form subdivision non-fiction
700 ## - ADDED ENTRY--PERSONAL NAME
Personal name Howard, Richard
Relator term Photographer
942 ## - ADDED ENTRY ELEMENTS (KOHA)
Source of classification or shelving scheme Dewey Decimal Classification
Koha item type Books
Suppress in OPAC No
Holdings
Withdrawn status Lost status Source of classification or shelving scheme Damaged status Not for loan Collection Home library Current library Shelving location Date acquired Total Checkouts Full call number Barcode Date last seen Copy number Price effective from Koha item type
    Dewey Decimal Classification     Non-Fiction Footprints International School Library Network Toul Kork Campus Footprints International School Library Network Toul Kork Campus TTP Secondary Non-Fiction Bookshelves 11/18/2024   GRA 973.049593 E184.K45 FISSE02200 11/18/2024 1 11/18/2024 Books
    Dewey Decimal Classification     Non-Fiction Footprints International School Library Network Toul Kork Campus Footprints International School Library Network Toul Kork Campus TTP Secondary Non-Fiction Bookshelves 11/18/2024   GRA 973.049593 E184.K45 FIS04568 11/28/2024 2 11/18/2024 Books